000 00543nam a2200169Ia 4500
999 _c8003
_d8003
003 OSt
005 20200127133847.0
008 190216s9999||||xx |||||||||||||| ||und||
020 _a9780071078108
040 _coclc
082 _a658.8342
_bKAP/C
100 _aKapoor, Ramneek
_91524
245 0 _aConsumer Behaviour Text And Cases /
_cRamneek Kapoor ; Nnamdi O Madichie
260 _bTata Mcgraw Hill Publishing Company Ltd,
_c2013.
_aNew Delhi:
300 _a426p
942 _cBK
_2ddc
_h658.8342
_iKAP/C
_k658.8342
_mKAP/C